| 000 | 00685nam a2200229 a 4500 | ||
|---|---|---|---|
| 001 | 157 | ||
| 003 | CDMR | ||
| 005 | 20131111131302.0 | ||
| 008 | 130130s1982||||||||||||||||||||||||||||d | ||
| 020 | _a8473395913 | ||
| 040 |
_aCDMR _bcat _cCPC GIRONA |
||
| 100 | 1 |
_aBustamante, Enrique _9125 |
|
| 245 | 1 | 4 |
_aLos amos de la información en España _cEnrique Bustamante Ramírez |
| 260 |
_c1982 _bAkal _aMadrid |
||
| 300 | _a311 p. | ||
| 490 | 0 |
_aAkal universitaria _v30 |
|
| 490 | 0 | _aSociología | |
| 650 | 0 | 4 |
_94120 _aEmpreses periodístiques _zEspanya |
| 650 | 0 | 4 |
_93178 _aMitjans de comunicació de massa _xAspectes econòmics |
| 650 | 0 | 4 |
_94123 _aConcentració industrial |
| 942 |
_cMON _2udc |
||
| 999 |
_c157 _d157 |
||